Charles Ammi Cutter

Bibliographic Details
Main Author: D. M. (Author)
Format: Article
Language:Slovak

MARC

LEADER 00000nab a2200000uu 4500
001 vtls011443620
003 SK-MaSNL
005 20260303130335.0
008 230218|1972 xo |||||||||||||||||slo|
015 |a SNBRB 
035 |a (urnnbn)urn:nbn:sk:snk:ar-003786 
035 |a (uuid)c22f9461-b31b-45bb-9a9a-6bd722efc54c 
035 |a urn:nbn:sk:snk-abchd7 
040 |a SNKBUCL  |b slo  |c SNKBUCL  |e AACR2 
041 0 |a slo 
044 |a xo  |c SK 
100 1 |a D. M.  |4 aut  |9 1145659 
245 1 0 |a Charles Ammi Cutter  |c D. M. 
773 0 |t Čitateľ : mesačník pre prácu s čitateľmi  |g Roč. 21, č. 5 (1972), s. 188-189 
954 |a odborná, vedecká literatúra pôvodná (slovenská)  |2 lita 
958 |a OND 
958 |a EUIPO 
958 |a article16 
999 |c 1940156  |d 1942086